000 01152cam a2200313 a 4500
001 15592
003 BD-RjUL
005 20211208235842.0
008 140210s1953 nyu sbf 001 0 eng d
020 _z9781585282791 (e-book)
035 _a(CaPaEBR)ebr10739957
_a(BD-RjUL)15647
035 _a(NNC)10594976
040 _aCaPaEBR
_cCaPaEBR
_beng
_dBD-RjUL
041 _aeng
082 0 4 _a344.730416
_222
_bCOH 1953
100 1 _aCollins, Lawton J.
_948398
245 1 0 _a Handbook for pharmacy technicians /
260 _aWashington :
_bAmerican Society of Health-System Pharmacists,
_c1953.
300 _avi, 298p. :
_c19 cm.
504 _aIncludes bibliographical references and index.
650 0 _aPharmacy
_xLaw and legislation
_zUnited States.
_939788
650 0 _aDrugs
_xLaw and legislation
_zUnited States.
_948399
650 0 _aPharmacy technicians
_zUnited States
_vHandbooks, manuals, etc.
_948401
655 7 _aElectronic books.
_2local
_9114015
710 2 _aebrary, Inc.
_920060
856 4 0 _uhttp://www.columbia.edu/cgi-bin/cul/resolve?clio10594976
_zClick here for full text.
942 _2ddc
_cBK
999 _c15592
_d15592